Napoleón / (Record no. 109377)

MARC details
000 -LEADER
campo de control de longitud fija 00621nam a2200205 4500
001 - NÚMERO DE CONTROL
campo de control 109377
003 - IDENTIFICADOR DE NÚMERO DE CONTROL
campo de control ES-MaACL
005 - FECHA Y HORA DE LA ÚLTIMA TRANSACCIÓN
campo de control 20251015164737.0
007 - CAMPO FIJO DE DESCRIPCIÓN FÍSICA--INFORMACIÓN GENERAL
campo de control de longitud fija t|
008 - DATOS DE LONGITUD FIJA--INFORMACIÓN GENERAL
campo de control de longitud fija 061121s1970 sp r ||||1| spa d
100 1# - ENTRADA PRINCIPAL--NOMBRE DE PERSONA
Nombre de persona Mistler, Jean.
9 (RLIN) 81662
245 10 - MENCIÓN DEL TÍTULO
Título Napoleón /
Mención de responsabilidad, etc. Traducción de J. E. Cirlot y Angel Alandi.
260 ## - PUBLICACIÓN, DISTRIBUCIÓN, ETC.
Lugar de publicación, distribución, etc. Barcelona :
Nombre del editor, distribuidor, etc. Labor,
Fecha de publicación, distribución, etc. 1970.
300 ## - DESCRIPCIÓN FÍSICA
Extensión 2 v., 2 lám. :
Otras características físicas il. ;
Dimensiones 29 cm.
505 8# - NOTA DE CONTENIDO CON FORMATO
Nota de contenido con formato Jean Mistler aparece en la p. 5
700 1# - ENTRADA AGREGADA--NOMBRE PERSONAL
Nombre de persona Cirlot, Juan-Eduardo,
Fechas asociadas al nombre 1916-1973
9 (RLIN) 38898
700 1# - ENTRADA AGREGADA--NOMBRE PERSONAL
Nombre de persona Alandi, Angel.
9 (RLIN) 19118
852 ## - LOCALIZACIÓN
Ubicación ES-MaACL
Número de control de estantería C-37472-73
Sublocalización o colección R.74011
Holdings
Estatus retirado Estado de pérdida Estado de daño No para préstamo Biblioteca de origen Biblioteca actual Ubicación en estantería Fecha de adquisición Fuente de adquisición Total de préstamos Signatura topográfica completa Código de barras Visto por última vez Precio de reemplazo Tipo de ítem Koha
        Biblioteca del Ateneo de Madrid Biblioteca del Ateneo de Madrid Depósito 2 17/01/2008     C-37472-73 1114125 23/02/2023 23/02/2023 Libro impreso